Statistics for All Greek Gods Quiz

Click here to take the quiz!

General Stats

  • This quiz has been taken 11 times
  • The average score is 8 of 52

Answer Stats

HintAnswer% Correct
God of the sky, lighting, thunder, law, order, justiceZeus
100%
God of the sea, earthquakes, storms, and horsesPoseidon
78%
God of Music, Poetry, Art, Oracles, Archery, plauge, medicine, sun, light, and knowledgeApollo
67%
God of the dead and RichesHades
67%
God of Heroes, sports, athletes, health, agriculture, fertility, trade, and oracles. Protector of Man kind.Heracles
56%
God of WarAres
44%
God of agricultureCronus
44%
God of trade, thieves, travelers, sports, athletes, and border crossingsHermes
44%
God of TimeCronos
33%
God of sexual desire, attraction, love and procreationEros
33%
Titan of AstronomyAtlas
22%
God of grape harvest, winemaking and wine, ritual madness, religious ecstasy and theatreDionysus
22%
God of the SunHelios
22%
God of Fire, metalworking, stone masonry, forges and the art of sculptureHephaestus
22%
God of Strength and PowerKratos
22%
God of Nature, the wild, shepherds, flocks, goats, mountain wilds,Pan
22%
Titan God of ForethoughtPrometheus
22%
Messenger of the seaTriton
22%
God of the sky and heavens, father of the TitansUranus
22%
God of Winds and AirAeolus
11%
Filled the gap between heaven and Earth, created first beingsChaos
11%
God of SleepHypnos
11%
Patron God of Silver Swirling Archelous RiverAchelous
0%
God of the upper air, light, atmosphere, space and heavanAether
0%
God of Family Feuds and Avenger of evil deedsAlastor
0%
Patron God of Animal Husbandry, bee-keeping and fruit treesAristaeus
0%
God of medicine, health, rejuvenation and physiciansAsclepius
0%
God of Vegetation, fruits of the earth and rebirthAttis
0%
God of the Cold north wind and bringer of winterBoreas
0%
God of opportunity, luck and favorable momentsCaerus
0%
Ferryman of hadesCharon
0%
Titan God of heavenly constellations and the measure of the yearCrios
0%
Personification of dread and terrorDeimos
0%
Guardian God of the city LamarkDinlas
0%
God of darknessErebus
0%
God of unlucky east windEurus
0%
God of Marriage ceremoniesHymenaios
0%
God of satire, mockery, censure, and writers and poetsMomus
0%
Embodiment of DoomMoros
0%
God of Dreams and SleepMorpheus
0%
Titan God of the Sea before PoseidonNereus
0%
God of the South WindNotus
0%
Titan God of the OceanOceanus
0%
Physician of Olympian GodsPaean
0%
Titan God of Warcraft and Springtime campaign seasonPallas
0%
God of WealthPlutus
0%
Pre-Olympian sea god of the deep seaPontus
0%
Fertility God, Protector of Flocks, fruit plants, bees and gardensPriapus
0%
God of the deep abyssTartarus
0%
God of DeathThanatos
0%
God of dedication, emulation, eager rivalry, envy, jealousy and zealZelus
0%
God of the West WindZephyrus
0%

Score Distribution

Percentile by Number Answered

Percent of People with Each Score

Your Score History

You have not taken this quiz